Lineamientos curriculares : educación inicial 2 /
Guardado en:
| Formato: | Libro |
|---|---|
| Publicado: |
Buenos Aires :
Producciones Editoriales G y Md,
1993
|
| Materias: | |
| Etiquetas: |
Agregar Etiqueta
Sin Etiquetas, Sea el primero en etiquetar este registro!
|
| LEADER | 00580nam a22001935a 4500 | ||
|---|---|---|---|
| 001 | CEM.cems007532 | ||
| 005 | 20060214000000.0 | ||
| 008 | 130507s1993##################000#0#####d | ||
| 003 | CEMS | ||
| 082 | 0 | 4 | |a 372.2 |
| 245 | 0 | 0 | |a Lineamientos curriculares : |b educación inicial 2 / |
| 260 | |a Buenos Aires : |b Producciones Editoriales G y Md, |c 1993 | ||
| 300 | |a 127 p. | ||
| 653 | |a Curriculum | ||
| 653 | |a Donacion c. basico | ||
| 653 | |a Educacion | ||
| 653 | |a Enseñanza primaria | ||
| 653 | |a Lineamientos curriculaes | ||
| 859 | |a CEMS |b BIB. CEMS - 11 de abril |h 372.2 |i B862-3/2 |p 17633.94 |t Ej.1 | ||
